000
00387nam a2200145Ia 4500
008
090124s9999 xx 000 0 und d
082
_b
301523
245
_a
कांचन गंगा
250
_a
1
260
_b
दिघे प्रभाकर
_c
1985
300
_a
306
630
_a
कांचन गंगा
730
_a
कांचन गंगा
942
_c
BOOK
999
_c
191098
_d
191098